| 000 | 00457pam a2200157 a 4500 | ||
|---|---|---|---|
| 020 | _a0072901713 (acidfree paper) | ||
| 040 | _cDLC | ||
| 082 | 0 | 0 | _a306 MCG 1999 A021 Or. |
| 100 | 1 | _aKottak, Conrad Phillip. | |
| 245 | 1 | 0 |
_aMirror for humanity : _ba concise introduction to cultural anthropology / |
| 250 | _a2nd ed. | ||
| 260 |
_aBoston : _bMcGraw-Hill College, _cc1999. |
||
| 300 |
_axxi, 314 p. : _bill. ; _c24 cm. |
||
| 650 | 0 | _aEthnology. | |
| 942 | _cEK | ||
| 999 |
_c12645 _d12645 |
||